000 00596nam a2200253Ia 4500
005 20260121154835.0
008 008 260114s9999 xx 000 0 eng d
020 _a9781003003946
037 _aEBOOK
040 _aCRL
040 _beng
040 _cCRL
041 _2eng
041 _aeng
084 _qCRL
100 _a Neil Thompson; Gerry R. Cox
_91012156
245 0 _aDeath and Dying
260 _bTaylor and Francis
260 _c2021
856 _uhttp://www.taylorfrancis.com/books/9781003003946
942 _cEBOOK
999 _c1578975
_d1578975